000 00799 a2200277 4500
001 3747
003 Complexo Educacional Contemporaneo
005 20230919125626.0
008 190924s2005 r por d
020 _a85-88661-16-0
040 _aComplexo Educacional Contemporaneo
_bpor
080 _a821.134.3(81)
082 _a821.134.3(81)
090 _a821.134.3(81) A368i
_bAP
100 _aAlencar, José de
240 1 0 _aIracema
_lPortuguês
260 _aSão Paulo
_bOmni Editora Associados Ltda
_c2005
300 _a126p.
362 0 _a(2005)
500 _aEdição Comemorativa dos 140 Anos da primeira Edição de Iracema
650 4 _aFicção
650 4 _aLiteratura Brasileira
650 4 _aRomance
245 1 0 _aIracema
999 _c3747
_d3747